Statistics for Lakes: nearest British football club

Click here to take the quiz!

General Stats

  • This quiz has been taken 13 times
  • The average score is 6 of 10

Answer Stats

LakeFootball team% Correct
Rutland WaterLeicester City
90%
Walthamstow ReservoirsTottenham Hotspur
90%
Egbaston ReservoirAston Villa
80%
WindermereLiverpool
70%
Lake BaikalAberdeen
60%
Caspian SeaBrighton & Hove Albion
50%
Loch TaySt. Johnstone
50%
Loch LomondSt. Mirren
50%
Loch NessRoss County
40%
Lough NeaghGlenavon
20%

Score Distribution

Percentile by Number Answered

Percent of People with Each Score

Your Score History

You have not taken this quiz